Biblioteca

Guía del lector de la Biblia : un análisis de Génesis a Apocalipsis capítulo por capítulo / Lawrence O. Richards (Registro nro. 44798)

Detalles MARC
000 -LÍDER
Campo fijo de descripción fija 007160000a22002170004500
020 ## - NÚMERO INTERNACIONAL NORMALIZADO PARA LIBROS
Número Internacional Normalizado del libro 1-58802-400-8
082 04 - NÚMERO DE CLASIFICACIÓN DECIMAL DEWEY
Número de clasificación G 220.61 R5141g
001 - NÚMERO DE CONTROL
Campo de control 18350
100 1# - ASIENTO PRINCIPAL--NOMBRE PERSONAL
Nombre personal Richards, Lawrence O.
245 10 - TÍTULO
Título del Material Guía del lector de la Biblia : un análisis de Génesis a Apocalipsis capítulo por capítulo / Lawrence O. Richards
260 ## - PUBLICACIÓN, DISTRIBUCIÓN, ETC. (PIE DE IMPRENTA)
Lugar de publicación, distribución, etc. Miami, Florida : Patmos
300 ## - DESCRIPCIÓN FÍSICA
Extensión 933 p.
336 ## - CONTENT TYPE
Content type term texto
Content type code txt
Source rdacontent
337 ## - MEDIA TYPE
Source rdamedia
Media type term sin mediación
Media type code n
338 ## - CARRIER TYPE
Source rdacarrier
Carrier type term volumen
Carrier type code nc
500 ## - NOTA GENERAL
Nota General Titulo original: Biblie Reader´s companion
501 ## - NOTA DE “CON”
Nota de Contenido pasta dura
650 14 - ASIENTO SECUNDARIO DE MATERIA - TERMINO TEMÁTICO
Término temático o nombre geográfico como elemento de entrada BIBLIA - INTRODUCCIONES \ EDUCACION CRISTIANA
942 ## - TIPO DE MATERIAL (KOHA)
Tipo de Item KOHA Libros General
Existencias
Estado de Material Estado de Perdido Estado de Dañado No para Préstamo Colección Tomo Biblioteca de Origen Biblioteca Permanente Fecha de Adquisición Total de Préstamos Total de Renovaciones Signatura Topográfica Código de Barras Última vez visto Última vez Préstado Ejemplar/Existencia Fecha de Remplazo Tipo de Material
        Colección General   Biblioteca FUSBC Biblioteca FUSBC 24/05/2014 6 4 G 220.61 R5141g 18370 10/12/2024 17/09/2019 1 26/01/2016 Libros General

Biblioteca FUSBC | Teléfono: (57+4) 349 88 10 Ext. 141| WhatsApp (+57) 3005338115 
E-mail: biblioteca@unisbc.edu.co | Calle 76 87-14 Robledo Palenque, Medellín, Colombia

Con tecnología Koha